Histoire du drapeau du Cameroun - Statistiques

Statistiques générales
  • Ce quiz a été pris 163 fois
  • Le résultat moyen est 4 sur 7
Statistiques - réponses
Hint Réponse % Correct
Cameroun (drapeau actuel depuis 1975)
90%
République fédérale du Cameroun (1961-1972) et république unie du Cameroun (1972-1975)
72%
Deuxième drapeau du Cameroun britannique (1922-1961)
67%
Cameroun français (1916-1960)
64%
Cameroun allemand (1886-1916)
59%
État du Cameroun (1969-1961) et république du Cameroun (1961)
49%
Premier drapeau du Cameroun britannique (1916-1922)
41%
Aucun quiz correspondant
Distribution des résultats
% des personnes avec chaque résultat
Percentile par nombre de réponses
Votre historique - résultats
Vous n’avez pas pris ce quiz